[Event "Asia Cities-ch 18th"]
[Site "Tagaytay City"]
[Date "2013.10.20"]
[Round "1.4"]
[White "Ho, Men Wei"]
[Black "Azman Hisham, Mohd Nabil"]
[Result "1/2-1/2"]
[WhiteElo "1619"]
[BlackElo "2012"]
[PlyCount "112"]
[EventDate "2013.10.20"]
[EventType "team-swiss"]
[EventRounds "9"]
[EventCountry "PHI"]
[SourceTitle "EXT 2014"]
[Source "ChessBase"]
[SourceDate "2013.11.20"]
[SourceVersion "1"]
[SourceVersionDate "2013.11.20"]
[SourceQuality "1"]
[WhiteTeam "Chinese Taipei"]
[BlackTeam "Shah Alam"]
[WhiteTeamCountry "TPE"]
[BlackTeamCountry "MAS"]

1. Nf3 c5 2. b3 d5 3. Bb2 Nc6 4. e3 a6 5. d4 Bf5 6. Be2 Qa5+ 7. Bc3 Qc7 8. dxc5 Rd8 9. 0-0 Nf6 10. Nd4 Nxd4 11. exd4 h5 12. f4 e6 13. Bd3 Ne4 14. Qe1 Qc6 15. Ba5 Bxc5 16. dxc5 Qxc5+ 17. Kh1 h4 18. Bxe4 Bxe4 19. h3 b6 20. Bb4 Qb5 21. f5 Rh6 22. Bd2 Rh5 23. fxe6 f6 24. Nc3 Qc6 25. Nxe4 dxe4 26. Bc3 Rc5 27. e7 Rd7 28. Bb4 Rb5 29. c4 Rxb4 30. Qxb4 e3 31. Qa4 b5 32. cxb5 axb5 33. Rac1 e2 34. Qxh4 exf1Q+ 35. Rxf1 Rxe7 36. Qh5+ Kf8 37. Rd1 Rd7 38. Rxd7 Qxd7 39. Qc5+ Kf7 40. a4 Qd1+ 41. Kh2 bxa4 42. Qc4+ Kg6 43. bxa4 Qd6+ 44. Kg1 Qd1+ 45. Kf2 Qd2+ 46. Kf3 Qd1+ 47. Kg3 Qe1+ 48. Kf3 f5 49. Qd3 Kf6 50. Qd4+ Kf7 51. Qd5+ Kf6 52. Qc6+ Kg5 53. Qc4 Qd1+ 54. Kf2 Qd2+ 55. Kf3 Qd1+ 56. Kf2 Qd2+ 1/2-1/2

[Event "Wch U16"]
[Site "Porto Carras"]
[Date "2010.10.20"]
[Round "1"]
[White "Tilicheev, Viacheslav"]
[Black "Azman Hisham, Mohd Nabil"]
[Result "1-0"]
[WhiteElo "2343"]
[BlackElo "2046"]
[PlyCount "101"]
[EventDate "2010.10.20"]
[EventType "swiss"]
[EventRounds "11"]
[EventCountry "GRE"]
[SourceTitle "EXT 2011"]
[Source "ChessBase"]
[SourceDate "2010.11.26"]
[SourceVersion "1"]
[SourceVersionDate "2010.11.26"]
[SourceQuality "1"]

1. d4 Nf6 2. c4 e6 3. g3 d5 4. Nf3 Be7 5. Bg2 0-0 6. 0-0 dxc4 7. Qc2 c6 8. Qxc4 b5 9. Qd3 Nbd7 10. a4 bxa4 11. Rxa4 a5 12. Qc2 Bb7 13. Rd1 Qb6 14. Na3 c5 15. Nc4 Qb5 16. b3 Nb6 17. Nxb6 Qxb6 18. Ba3 Rfc8 19. Rc4 Be4 20. Qc1 Bd5 21. dxc5 Qxb3 22. Nd2 Qb5 23. Bxd5 exd5 24. Rc2 Ne4 25. Nxe4 dxe4 26. Qe3 Qa4 27. Rdc1 f5 28. Bb2 h6 29. h4 Qc6 30. Qb3+ Kf8 31. Be5 a4 32. Qa2 Ra6 33. Bd6 Qd7 34. Qc4 Rcc6 35. Bxe7+ Qxe7 36. Ra2 Ra5 37. Rxa4 Rxa4 38. Qxa4 Rxc5 39. Qa8+ Kf7 40. Qa2+ Kg6 41. Rxc5 Qxc5 42. Qe6+ Kh7 43. g4 Qc2 44. Qxf5+ Kg8 45. Qb5 Kf7 46. Kg2 Kf6 47. Qa6+ Kf7 48. g5 hxg5 49. hxg5 Qc5 50. g6+ Ke8 51. Qe6+ 1-0

[Event "Kuala Lumpur op 7th"]
[Site "Kuala Lumpur"]
[Date "2010.09.03"]
[Round "4"]
[White "Azman Hisham, Mohd Nabil"]
[Black "Cuhendi, Sean Winshand"]
[Result "1/2-1/2"]
[WhiteElo "2046"]
[BlackElo "1789"]
[PlyCount "104"]
[EventDate "2010.09.01"]
[EventType "swiss"]
[EventRounds "9"]
[EventCountry "MAS"]
[SourceTitle "CBM 138 Extra"]
[Source "ChessBase"]
[SourceDate "2010.10.29"]
[SourceVersion "1"]
[SourceVersionDate "2010.10.29"]
[SourceQuality "1"]

1. d4 d5 2. c4 dxc4 3. e3 e5 4. Bxc4 exd4 5. exd4 Bb4+ 6. Nc3 Nf6 7. Qb3 Qe7+ 8. Nge2 Nc6 9. Qd1 Bg4 10. 0-0 Rd8 11. f3 Nxd4 12. Nxd4 Rxd4 13. Qb3 Be6 14. Bxe6 Qxe6 15. Qa4+ Nd7 16. Nb5 Rc4 17. Nxc7+ Rxc7 18. Qxb4 Qb6+ 19. Qxb6 Nxb6 20. Be3 0-0 21. Bxb6 axb6 22. Rf2 Rfc8 23. Re1 Kf8 24. Rfe2 Rc2 25. Kf2 g6 26. Rxc2 Rxc2+ 27. Re2 Rc7 28. Ke3 Ke7 29. g4 f6 30. h4 h5 31. gxh5 gxh5 32. Kf4+ Kf7 33. Re4 Rc6 34. Rb4 Kg6 35. a4 Re6 36. b3 Rc6 37. Ke4 Re6+ 38. Kf4 Rd6 39. Rb5 Re6 40. Rd5 Rc6 41. Ke4 Rc3 42. Rb5 Rc6 43. Kd4 Rd6+ 44. Rd5 Rxd5+ 45. Kxd5 Kf5 46. Kd6 Kf4 47. Kc7 Kxf3 48. Kxb7 f5 49. Kxb6 Kg3 50. a5 f4 51. a6 f3 52. a7 f2 1/2-1/2

[Event "ASEAN-ch9 U14"]
[Site "Da Nang"]
[Date "2008.06.10"]
[Round "2"]
[White "Azman Hisham, Mohd Nabil"]
[Black "Garcia, Jan Emmanuel"]
[Result "1/2-1/2"]
[WhiteElo "2008"]
[BlackElo "2213"]
[PlyCount "74"]
[EventDate "2008.06.10"]
[EventType "swiss"]
[EventRounds "9"]
[EventCountry "VIE"]
[SourceTitle "CBM 125 Extra"]
[Source "ChessBase"]
[SourceDate "2008.09.01"]
[SourceVersion "1"]
[SourceVersionDate "2008.09.01"]
[SourceQuality "1"]

1. d4 Nf6 2. c4 g6 3. Nc3 Bg7 4. e3 0-0 5. Bd3 d6 6. Nge2 Nbd7 7. 0-0 b6 8. f4 Bb7 9. f5 e5 10. d5 Nc5 11. Bc2 a5 12. e4 c6 13. Bg5 h6 14. Bxf6 Bxf6 15. fxg6 fxg6 16. Ng3 Bg5 17. Rxf8+ Qxf8 18. Qf3 cxd5 19. Nxd5 Bxd5 20. exd5 Kg7 21. Rf1 Qxf3 22. Rxf3 a4 23. Ne4 Nxe4 24. Bxe4 Bc1 25. h4 Rc8 26. b3 a3 27. Rc3 Bd2 28. Rd3 Bf4 29. Rc3 b5 30. Rc2 Be3+ 31. Kh2 bxc4 32. Rxc4 Bc5 33. Kg3 Rb8 34. Bf3 Kf6 35. Kh3 Rb7 36. g4 g5 37. h5 Ke7 1/2-1/2